书目信息 |
| 题名: |
白居易诗词新释
|
|
| 作者: | 袁湘生 著 | |
| 分册: | ||
| 出版信息: | 北京 经济日报出版社 2014.7 |
|
| 页数: | 216页 | |
| 开本: | 24cm | |
| 丛书名: | ||
| 单 册: | ||
| 中图分类: | I207.227.424 | |
| 科图分类: | ||
| 主题词: | 唐诗--Tang Shi , 诗歌欣赏--Shi Ge Xin Shang | |
| 电子资源: | ||
| ISBN: | 978-7-80257-629-2 | |
| 000 | 00865nam0 22002651 450 | |
| 001 | 351281 | |
| 005 | 20161012143641.84 | |
| 010 | @a978-7-80257-629-2@dCNY29.00 | |
| 100 | @a20140822d2014 em y0chiy50 ea | |
| 101 | 0 | @achi |
| 102 | @aCN@b110000 | |
| 105 | @ay z 000yy | |
| 106 | @ar | |
| 200 | 1 | @a白居易诗词新释@ABai Ju Yi Shi Ci Xin Shi@f袁湘生著 |
| 210 | @a北京@c经济日报出版社@d2014.7 | |
| 215 | @a216页@d24cm | |
| 330 | @a本书对白居易的五言绝句、七言绝句、五言律诗、七言律诗、五言古诗、七言古诗、词等进行了注释和评析。 | |
| 600 | 0 | @a白居易@ABai Ju Yi@f(772-846)@x唐诗@x诗歌欣赏 |
| 600 | 0 | @a白居易@ABai Ju Yi@f(772-846) |
| 606 | 0 | @a唐诗@ATang Shi |
| 606 | 0 | @a诗歌欣赏@AShi Ge Xin Shang |
| 690 | @aI207.227.424@v5 | |
| 701 | 0 | @a袁湘生@AYuan Xiang Sheng@4著 |
| 801 | 0 | @aCN@bTANGWEI@c20160812 |
| 905 | @b0894026-30@dI207.227.424@e907@f5 | |
| 白居易诗词新释/袁湘生著 .-北京:经济日报出版社,2014.7 |
| 216页;24cm |
| ISBN 978-7-80257-629-2:CNY29.00 |
| 本书对白居易的五言绝句、七言绝句、五言律诗、七言律诗、五言古诗、七言古诗、词等进行了注释和评析。 |
| ● |
| 相关链接 |
|
|
|
|
正题名:白居易诗词新释
索取号:I207.227.424/907
 
预约/预借
| 序号 | 登录号 | 条形码 | 馆藏地/架位号 | 状态 | 备注 |
| 1 | 0894026 | 208940262 | 第一样本阅览室/ [索取号:I207.227.424/907] | 在馆 | |
| 2 | 0894027 | 208940271 | 密集书库-文学院/ [索取号:I207.227.424/907] | 在馆 | |
| 3 | 0894028 | 208940280 | 第二借阅区/ [索取号:I207.227.424/907] | 在馆 | |
| 4 | 0894029 | 208940299 | 第二借阅区/ [索取号:I207.227.424/907] | 在馆 | |
| 5 | 0894030 | 208940306 | 第二借阅区/ [索取号:I207.227.424/907] | 在馆 |